000 00665nam a2200229 a 4500
001 BRL_9
005 20190320210541.0
008 770505s1944 mx-a######---#000-0#spa-#
041 _aspa
044 _amx
050 4 _aF3431
_b.M57 1944
100 1 _aMiñano García, Max. H.
_922639
245 1 0 _aBreve historia del Perú
_cpor Max. H. Miñano G. ; notas preliminares de Domingo Tirado Benedi.
260 _aMéxico
_bSEP
_c1944
300 _a94 p.
_bil.
_c18 cm.
440 0 _aBiblioteca enciclopédica popular
_v31
_922640
500 _aAu93
651 4 _aPerú
_xHistoria
_915788
700 1 _aTirado Benedi, Domingo
_922641
902 _aGRL
942 _2lcc
_cB
999 _c8822
_d8822